Les 20 pays les moins trouvés sur Jetpunk - Statistiques

Statistiques générales
  • Ce quiz a été pris 54 fois
    32 depuis la dernière actualisation
  • Le résultat moyen est 15 sur 20
Statistiques - réponses
Réponse Indice % Correct
États Fédérés de Micronésie Océanie
84%
Îles Marshall Océanie
84%
Tuvalu Océanie
84%
Vanuatu Océanie
84%
Brunei Asie
81%
Samoa Océanie
81%
Tonga Océanie
81%
Antigua-et-barbuda Amérique du Nord
77%
Îles Salomon Océanie
77%
Kiribati Océanie
77%
Nauru Océanie
77%
Palaos Océanie
77%
Saint-Christophe-et-Niévès Amérique du Nord
77%
Barbade Amérique du Nord
74%
Timor oriental Asie
74%
Trinité-et-Tobago Amérique du Nord
74%
Grenade Amérique du Nord
65%
Saint-Vincent-et-les-Grenadines Amérique du Nord
65%
Sao-Tomé-et-Principe Afrique
65%
Bahreïn Asie
52%
Aucun quiz correspondant
Distribution des résultats
% des personnes avec chaque résultat
Percentile par nombre de réponses
Votre historique - résultats
Vous n’avez pas pris ce quiz depuis la dernière actualisation